000 01384nam a22003494a 4500
001 ebr10096185
003 CaPaEBR
006 m u
007 cr cn|||||||||
008 050411s2005 dcua sb 000 0 eng
010 _z 2005047082
020 _z0821362178
020 _z0821362186 (e-ISBN)
040 _aCaPaEBR
_cCaPaEBR
035 _a(OCoLC)62395511
043 _ad------
050 1 4 _aHG3881.5.W57
_bW65 2005eb
082 0 4 _a338.91/1724/082
_222
110 2 _aWorld Bank.
245 1 0 _aEvaluating a decade of World Bank gender policy, 1990-99
_h[electronic resource] /
_cWorld Bank Operations Evaluation Department.
250 _a1st ed.
260 _aWashington, D.C. :
_bWorld Bank,
_c2005.
300 _axx, 101 p. :
_bill.
504 _aIncludes bibliographical references (p. 97-101).
533 _aElectronic reproduction.
_bPalo Alto, Calif. :
_cebrary,
_d2013.
_nAvailable via World Wide Web.
_nAccess may be limited to ebrary affiliated libraries.
610 2 0 _aWorld Bank
_zDeveloping countries
_xEvaluation.
650 0 _aEconomic assistance
_zDeveloping countries
_xEvaluation.
650 0 _aWomen in development
_zDeveloping countries.
655 7 _aElectronic books.
_2local
710 2 _aebrary, Inc.
856 4 0 _uhttp://site.ebrary.com/lib/rucke/Doc?id=10096185
_zAn electronic book accessible through the World Wide Web; click to view
999 _c98574
_d98574